Score 0/12 Timer 06:00
0 Plays Today
Backwards Plot Movie Title % Correct
Will removes a destructive computer virus from an alien spacecraft, and the aliens are so grateful they restore several famous buildings.yaD ecnednepednI
87.9%
After restoring the memory of a number of people who saw aliens, Will quits a government job and becomes a cop.kcalB nI neM
83.2%
Will loses his job as a stock broker, leaving both him & his son homeless, until they are eventually helped by his ex.ssenyppaH fo tiusruP ehT
77.6%
When a virus wipes out most of the population, Will brings everyone back to life.dnegeL mA I
75.1%
Will becomes the heavyweight champ, loses his title but gets it back again. (Wait a minute! That's the same plot in both directions!)ilA
73.7%
Because of Will's constant interference, a happily married man ends up fat and alone.hctiH
71%
Will steals vital organs from a number of healthy people for his own use.sdnuoP neveS
60.9%
Will & his partner get in trouble with Internal Affairs, drug lords help them out by donating $80 million of drugs to police custody.syoB daB
51.5%
After being beaten up by an old girlfriend, Will spirals down into an alcoholic funk.kcocnaH
50.5%
Will's caddying advice causes a golfer's game to fall apart.ecnaV reggaB fo dnegeL ehT
48.9%
A government agency finds Will's apartment a mess, so they clean it up, and remove a number of listening devices.etatS eht fo ymenE
39.7%
Will lends large amounts of money to a couple of New York socialites.noitarapeS fo seergeD xiS
12.6%
Come Together.
Have Fun.
All Virtual.
We all need to come together. Play Sporcle's virtual live trivia to have fun, connect with people, and get your trivia on. Join a live hosted trivia game for your favorite pub trivia experience done virtually. If a virtual private party is more your thing, go here for details.

You're not logged in!

Compare scores with friends on all Sporcle quizzes.
OR
Log In

Sporcle TV

Today on Sporcle TV


Watch our educational content, quiz creation guides, and fun videos on Sporcle TV.

Show Comments

Extras

Top Quizzes Today


Score Distribution

Paid Content

Your Account Isn't Verified!

In order to create a playlist on Sporcle, you need to verify the email address you used during registration. Go to your Sporcle Settings to finish the process.

Report this User

Report this user for behavior that violates our Community Guidelines.

Details: